Holiday Quiz

Random Holiday or Clickable Quiz

Backward Christmas Match-Up Quiz Stats

 Plays Quiz Updated Dec 18, 2017

Challenge
Share
Tweet
Score 0/30 Timer 05:00
0 Plays Today
% Correct
REED
92%
MEHEL
90.7%
GON
90.3%
YAD
89.9%
DAERB
88.3%
ESNECN
87.4%
AT
87%
EOTEL
86.9%
YL
84.8%
AITTE
84.4%
STNEM
84.4%
REBM
83.5%
NOITA
83.3%
STNE
82.8%
HPLO
82.2%
% Correct
GNIK
81.7%
RET
81.2%
LES
81.2%
HGI
80.4%
GNIL
78.5%
EE
77.5%
HCR
77.1%
YTS
75.3%
REG
73.8%
SUS
72.5%
RA
70.9%
SEV
70.4%
DR
68.2%
IG
62.1%
EGO
60.4%

You're not logged in!

Compare scores with friends on all Sporcle quizzes.
OR
Log In

You Might Also Like...

Show Comments

Extras

Top Quizzes Today


Score Distribution

Your Account Isn't Verified!

In order to create a playlist on Sporcle, you need to verify the email address you used during registration. Go to your Sporcle Settings to finish the process.

Report this User

Report this user for behavior that violates our Community Guidelines.

Details: